Geografia Stanów Zjednoczonych od A do Z - Statystyki

Ogólne statystyki
  • Ten quiz został rozwiązany 406 razy
  • Średni wynik to 16 z 26
Statystyki odpowiedzi
- Pytanie Odpowiedź % Poprawnych
B Jaką nazwę nosi siedziba prezydenta Stanów Zjednoczonych? Biały Dom
96%
A Jaką nazwę nosi najbardziej wysunięty na północ stan USA? Alaska
95%
H Jaką nazwę nosi jedyny wyspiarski stan USA? Hawaje
89%
N Bronx, Queens to dzielnice którego amerykańskiego miasta? Nowy Jork
85%
L Które amerykańskie miasto uważane jest za "Światową Stolicę Hazardu"? Las Vegas
84%
I Jakim terminem często określa się rdzennych mieszkańców Stanów Zjednoczonych? Indianie
83%
G Nazwa którego amerykańskiego stanu brzmi tak samo jak anglojęzyczna nazwa jednego z kaukaskich krajów? Georgia
79%
C Które amerykańskie miasto było terenem działalności Ala Capone? Chicago
75%
T Który stan USA w latach 1836–1845 funkcjonował jako osobna republika? Teksas
71%
S Do którego amerykańskiego miasta dojedziemy mostem Golden Gate? San Francisco
69%
Y Jaką nazwę nosi najstarszy Park Narodowy na świecie? Yellowstone
69%
U Który stan USA ma swoją stolicę w Salt Lake City? Utah
66%
J Z jakich wielkich akwenów wodnych słynie pogranicze amerykańsko-kanadyjskie? Jeziora
65%
Q Jaką nazwę nosi przygraniczny, francuskojęzyczny region Kanady? Quebec
63%
O Jaką nazwę nosi stan USA na zachodnim wybrzeżu na północ od Kalifornii? Oregon
61%
F W którym amerykańskim mieście możemy zobaczyć słynny pęknięty "Dzwon Wolności"? Filadelfia
59%
M Jaką nazwę nosi jezioro nad którym położone jest Chicago? Michigan
58%
Ś Jaką nazwę nosi dolina na pustyni Mojave w której odnotowano najwyższą temperaturę w historii? Śmierci
57%
K Na terenie którego stanu USA znajduje się fikcyjne miasteczko South Park ze znanego serialu animowanego? Kolorado
56%
P Jaką nazwę nosi amerykańska wyspa na Morzu Karaibskim nie będąca stanem USA? Portoryko
54%
V Nazwa, którego amerykańskiego stanu pochodzi od francuskiego "zielone wzgórza"? Vermont
48%
Z Jaką nazwę nosi obszar wodny pomiędzy Stanami Zjednoczonymi, Meksykiem i Kubą? Zatoka Meksykańska
43%
D Jaką nazwę nosi najwyższy szczyt USA a zarazem całej Ameryki Północnej? Denali
35%
W Jakim terminem określa się przełom rzeki Kolorado w stanie Arizona?. Wielki Kanion
28%
R Które miasto w Wirginii w latach 1861–1865 było stolicą Skonfederowanych Stanów Ameryki? Richmond
23%
E Jaką nazwę nazwę nosi słynny obszar bagienny na Florydzie w okolicach Miami? Everglades
15%
Nie znaleziono quizów pasujących do podanych kryteriów
Rozkład punktacji
Procent ludzi z każdym wynikiem
Percentyl według liczby udzielonych odpowiedzi
Twoja historia wyników
Nie rozwiązałeś tego quizu